Statistics for Bound 2 Lyrics-Kanye West

Click here to take the quiz!

General Stats

  • This quiz has been taken 2,437 times
    (2,020 since last reset)
  • The average score is 210 of 351

Answer Stats

HintAnswer% Correct
I
99%
x2Bound
98%
x2In
98%
x2Love
98%
x2To
98%
x2Fall
97%
A
95%
You
92%
The
91%
On
86%
Do
78%
Girl
78%
Know
77%
What
77%
When
75%
For
73%
Your
73%
Club
71%
She
69%
Birthday
68%
Thursday
68%
So
67%
But
66%
All
65%
And
65%
Here
64%
Doing
63%
Only
63%
Bitch
62%
It
62%
Just
62%
Rep
62%
Me
61%
That
61%
Mad
60%
Nobody
60%
Of
60%
30
58%
Fuck
58%
Got
58%
Other
58%
Reputation
58%
Sink
58%
Still
58%
Tired
58%
We
58%
Bad
57%
Is
57%
Look
57%
Say
57%
Thirst
57%
Turn
57%
With
57%
Champagne
56%
21
55%
Drink
55%
Hard
55%
x2Loving
54%
After
53%
Bitches
52%
Drown
52%
Real
52%
Rock
52%
Dont
51%
Now
51%
Something
51%
Turned
51%
Down
50%
Fight
50%
Forever
50%
Supposed
50%
They
50%
Pretty
49%
Sad
49%
Hold
48%
Lame
48%
Start
48%
Wanna
48%
Youre
48%
Good
47%
Them
47%
Thousand
47%
Always
46%
How
46%
Leave
46%
Shit
46%
This
46%
Ass
45%
One
45%
Worth
45%
Brad
44%
These
44%
Be
43%
Give
43%
Jamaicans
43%
Step
43%
Vacation
43%
Gon
42%
Jesus
42%
Mom
42%
Think
42%
Complaining
41%
First
41%
Ordered
41%
Out
41%
Tell
41%
Keep
40%
Round
40%
Can
39%
Remember
39%
Close
38%
Get
38%
Im
38%
Let
38%
Make
38%
Would
38%
Back
37%
Eyes
37%
Paint
37%
Pictures
37%
Prom
37%
Rome
37%
Salon
37%
Christmas
36%
Cut
36%
Hey
36%
Straight
36%
Fresh
35%
Met
35%
Thanksgiving
35%
Basement
34%
Damn
34%
Ever
34%
Have
34%
Maybe
34%
Perfect
34%
Ay
33%
Lawn
33%
Asked
32%
Mink
32%
Red
32%
Cup
31%
Mean
31%
My
31%
Plane
31%
Admitting
30%
Aint
30%
Hoes
30%
Jeromey
30%
Where
30%
Word
30%
Church
29%
Ok
29%
Romey
29%
Spunk
29%
Wishlist
29%
Forget
28%
Made
28%
Nightclub
28%
Worst
28%
x2House
27%
Walking
27%
x2Watch
27%
x2Mouth
26%
Cant
25%
Ill
25%
Steps
25%
Could
24%
Backstroke
23%
x2Jeromes
23%
Dutty
22%
Tryna
22%
Turnt
22%
Wept
22%
Whinin
22%
Wished
22%
Long
21%
Verses
19%
Ayo
10%

Score Distribution

Percentile by Number Answered

Percent of People with Each Score

Your Score History

You have not taken this quiz since the last reset